000 00385nam a2200169Ia 4500
999 _c1391
_d1391
003 OSt
005 20241018123623.0
008 200302s9999 xx 000 0 und d
082 _a581
100 _aRamamrutham S.
245 _aTheory of structures
260 _bDhanpat Rai Publishing Co. Pvt. Ltd.
260 _c2002
300 _a1380 P.,
700 _aNarayan, R
942 _2ddc